Statistics for Countries by Smaller Neighbour Chain in 90 Seconds

Click here to take the quiz!

General Stats

  • This quiz has been taken 777 times
  • The average score is 91 of 157

Answers on the Map

Answers color-coded by a green-red scale on the quiz's map according to % correct below.
 

Answer Stats

Country% Correct
Brazil
100%
Sudan
99%
Algeria
98%
Chad
98%
France
98%
Libya
98%
Niger
98%
Russia
98%
China
96%
Mali
96%
India
94%
Iran
94%
D. R. Congo
92%
Italy
92%
Peru
92%
Canada
91%
Mauritania
91%
United States
91%
Turkey
90%
Ukraine
89%
Colombia
88%
Germany
88%
Mexico
88%
Argentina
87%
South Africa
85%
Romania
84%
Saudi Arabia
83%
Spain
83%
Angola
82%
Hungary
82%
Tanzania
82%
Central African
Republic
81%
Morocco
81%
Myanmar
80%
Nigeria
79%
Bolivia
78%
Nicaragua
76%
Thailand
76%
Côte d'Ivoire
74%
Ethiopia
73%
Honduras
72%
Iraq
70%
Guatemala
69%
Indonesia
69%
Mozambique
69%
Panama
69%
Somalia
69%
Austria
68%
Venezuela
68%
Greece
67%
Pakistan
67%
Poland
67%
Uruguay
67%
Kazakhstan
65%
United Kingdom
65%
Vietnam
65%
Yemen
65%
Afghanistan
64%
Bulgaria
64%
Guyana
64%
Serbia
64%
Chile
63%
Vatican City
63%
Burkina Faso
62%
Cameroon
62%
Guinea
62%
Laos
62%
Oman
62%
Namibia
61%
Rep. of the Congo
61%
South Sudan
60%
Turkmenistan
60%
Uzbekistan
60%
Paraguay
58%
Zambia
58%
Belarus
57%
Benin
57%
Croatia
57%
Ecuador
57%
Ghana
57%
Kenya
57%
Syria
57%
Egypt
56%
Lithuania
56%
Belize
54%
Lesotho
54%
Jordan
53%
Latvia
53%
Malaysia
53%
Senegal
53%
Sweden
53%
Burundi
52%
Suriname
52%
Togo
51%
Uganda
51%
Albania
50%
Gabon
50%
Kyrgyzstan
50%
Ireland
49%
United Arab Emirates
49%
Bosnia and
Herzegovina
48%
Finland
47%
Netherlands
47%
Portugal
47%
Belgium
46%
Israel
46%
Dominican Republic
45%
Montenegro
45%
Rwanda
45%
Haiti
44%
Macedonia
44%
Switzerland
43%
Bhutan
42%
El Salvador
42%
Gambia
42%
Brunei
41%
Estonia
41%
Kosovo
41%
Nepal
39%
Mongolia
38%
North Korea
38%
Norway
38%
Tajikistan
38%
Botswana
37%
Liberia
36%
Liechtenstein
36%
Malawi
36%
South Korea
36%
Eritrea
35%
Costa Rica
34%
Denmark
34%
Equatorial Guinea
34%
Luxembourg
34%
Andorra
33%
Cambodia
33%
Swaziland
33%
Azerbaijan
30%
Czech Republic
30%
Djibouti
30%
Qatar
29%
Georgia
28%
Tunisia
28%
East Timor
27%
Kuwait
27%
Zimbabwe
26%
Armenia
25%
San Marino
24%
Sri Lanka
24%
Monaco
23%
Sierra Leone
23%
Slovakia
23%
Bangladesh
21%
Lebanon
20%
Slovenia
20%
Guinea-Bissau
19%
Moldova
19%
Papua New Guinea
19%

Score Distribution

Percentile by Number Answered

Percent of People with Each Score

Your Score History

You have not taken this quiz